Fundamentos de química
Guardado en:
| Autor principal: | |
|---|---|
| Otros Autores: | , |
| Formato: | Libro |
| Publicado: |
México : Prentice Hall Hispanoamericana,
1996
|
| Materias: | |
| Etiquetas: |
Agregar Etiqueta
Sin Etiquetas, Sea el primero en etiquetar este registro!
|
MARC
| LEADER | 00000nam a2200000Ia 4500 | ||
|---|---|---|---|
| 003 | 000124 | ||
| 005 | 20221231144021.0 | ||
| 008 | 140114s1996 cr a 000 ||s d | ||
| 040 | |c cru CEDI | ||
| 082 | |a 540 B967f2 | ||
| 100 | |a Burns, Ralph A |9 17276 | ||
| 245 | |a Fundamentos de química | ||
| 260 | |a México : Prentice Hall Hispanoamericana, |c 1996 | ||
| 300 | |a xx, 664, [89] páginas : ilustraciones (color) | ||
| 500 | |a Reimpresiones: 1996, 1997, 1998. Traducción de: Fundamentals of Chemistry. | ||
| 650 | |x QUIMICA |9 17279 | ||
| 700 | |9 17277 |a Hill, John W., (Colaborador/a) | ||
| 700 | |9 17278 |a Escalona y García, Héctor Javier, (Traductor/a) | ||
| 942 | |2 ddc |c BK | ||
| 999 | |c 15671 |d 15671 | ||
